NCAAM Basketball Logo Quiz: Big East - Statistics

General Stats
  • This quiz has been taken 475 times
    407 since last reset
  • The average score is 10 of 11
Answer Stats
Picture Answer % Correct
Villanova
99%
Xavier
98%
Creighton
97%
UConn
97%
Georgetown
94%
Marquette
94%
Providence
90%
St. John's
90%
Butler
87%
Seton Hall
84%
DePaul
83%
No matching quizzes found
Score Distribution
Percent of People with Each Score
Percentile by Number Answered
Your Score History
You have not taken this quiz since the last reset